[Event "Quebec op"]
[Site "Montreal"]
[Date "1991.07.27"]
[Round "1"]
[White "Hergott, Deen"]
[Black "Maisonneuve, Jude"]
[Result "1-0"]
[WhiteElo "2309"]
[BlackElo "1928"]
[PlyCount "65"]
[EventDate "1991.07.27"]
[EventType "swiss"]
[EventRounds "8"]
[EventCountry "CAN"]
[SourceTitle "EXT 2022"]
[Source "ChessBase"]
[SourceDate "2021.10.06"]
[SourceVersion "1"]
[SourceVersionDate "2021.10.06"]
[SourceQuality "1"]

1. Nf3 Nf6 2. c4 g6 3. Nc3 Bg7 4. d4 0-0 5. e4 d6 6. Be2 Nbd7 7. 0-0 e5 8. Qc2 Re8 9. Rd1 exd4 10. Nxd4 Nc5 11. f3 a5 12. Bg5 h6 13. Bh4 c6 14. Nb3 Nxb3 15. axb3 Qc7 16. Bg3 Re5 17. f4 Re7 18. f5 Ne8 19. fxg6 fxg6 20. c5 Be5 21. cxd6 Nxd6 22. Nd5 cxd5 23. Qxc7 Rxc7 24. Bxe5 Rd7 25. Rxd5 Nxe4 26. Bc4 Kf8 27. Rf1+ Ke7 28. Rf7+ Ke8 29. Rf4 Rxd5 30. Bxd5 Ng5 31. h4 Ne6 32. Rf6 Ra6 33. Bc4 1-0